01444nam a2200289 a 450000100100000000500170001000800410002704000250006808200150009324501560010826000670026430000280033149000330035950000730039270000260046570000250049170000280051670000310054470000330057570000250060870000400063383000400067395201140071395201910082795201190101899900170113700001682320260304092050.0100310s2002 dr a r 000 0 spa d aDO-SdBNPbspacBNPHU axxxxbE74m00aEscuela multigrado innovada (EMI) :buna opción a favor de la niñez del campo /cVicky Colbert...[et al.]. ; presentación Milagros Ortíz Bosch. aSanto Domingo :bSecretaría de Estado de Educación,c2002. a156 p. :bil. ;c29 cm.1 aInvestigación Educativav1 aIncluye referencias bibliográficas y notas al pie de las páginas1 aColbert, Vicky9372581 aRojas, Manuel9372591 aRodríguez, Ana9372601 aRodríguez, Martha9372611 aRodríguez, Patricia9372621 aVargas, Tahira919661 aOrtiz Bosch, Milagros, 1936-926797 0aInvestigación Educativan1937263 00107-18PDaGRbGRcOId2018-07-31iLF1l0oxxxx E74mp16823-30r2020-06-25w2020-06-25yLFPDZNo se presta 0010718PDaPDbPDcHDd2010-03-10iLF1l0oxxxx E74mp16823-10r2020-06-25w2020-06-25yLFPDzPerteneció a la biblioteca personal de Chiqui Vicioso / Fidelio Despradel.ZNo se presta 0011718PDaPDbPDcMId2015-07-09iLF1l0oxxxx E74mp16823-20r2020-06-25te. 2w2020-06-25yLFPDZNo se presta c16355d16355